| 000 | 00706nam a2200229Ia 4500 | ||
|---|---|---|---|
| 003 | OSt | ||
| 005 | 20220923220528.0 | ||
| 006 | a|||||r|||| 00| 0 | ||
| 007 | ta | ||
| 008 | 220922b |||||||| |||| 00| 0 hin d | ||
| 024 | _a187,404 | ||
| 037 | _cTextual | ||
| 040 |
_aARTS _cARTS _bhin |
||
| 041 |
_2hin _ahin |
||
| 082 | _aWx1:1, 152J4 | ||
| 100 | _aशास्त्री, देवदत्त | ||
| 245 | 0 | _aकौटलीय अर्थशास्त्र की भूमिका | |
| 246 | _aKauṭalīya arthashāstra kī bhūmikā | ||
| 260 | _c1954 | ||
| 942 |
_hWx1:1, 152J4 _cTEXL _2CC |
||
| 999 |
_c340481 _d340481 |
||